zpět

Detail výsledku týmu

Šnyt, Šternberk

Datum a čas kvízu

27 Celkem bodů Celkový počet nahraných bodů na tomto kvízu bez doplňovacích otázek.
4. Pořadí na kvízu Konečné umístění týmu na tomto kvízu.

Zaznamenané odpovědi

# Otázka Odpověď Body Výsledky
1. Které všeobecně známé tradiční... pochodu Praha - Prčice 1
2. Slovensko má první úřednickou... Ľudovít Ódor 0
3. Jedna česká celebrita minulý... Helena Vondráčková 1
4. Staropramen minulý týden předs... Orlando Bloom 1
5. Který zápasník o víkendu poraz... Patrik Kincl 1
6. Ve třetím díle našeho cyklu si... Connor 1
7. Kriminální drama s prvky černé... Mia (Wallace), (Uma) Thurman 0.5
8. Kdo z níže uvedených označil f... C 0
9. Dalším v pořadí je první díl J... 9 členů 0
10. Patnáctku nejlepších filmů uza... Nový Zéland 0